Advanced theory of waveguides / (Record no. 182058)
[ view plain ]
| 000 -LEADER | |
|---|---|
| fixed length control field | 00826 a2200181 4500 |
| 003 - CONTROL NUMBER IDENTIFIER | |
| control field | Nust |
| 005 - DATE AND TIME OF LATEST TRANSACTION | |
| control field | 20221128155527.0 |
| 040 ## - CATALOGING SOURCE | |
| Transcribing agency | Nust |
| 082 ## - DEWEY DECIMAL CLASSIFICATION NUMBER | |
| Classification number | 621.381331,LEW |
| 100 ## - MAIN ENTRY--PERSONAL NAME | |
| Personal name | Leon Lewin |
| 9 (RLIN) | 101740 |
| 245 ## - TITLE STATEMENT | |
| Title | Advanced theory of waveguides / |
| Statement of responsibility, etc. | Lewin Leon |
| 260 ## - PUBLICATION, DISTRIBUTION, ETC. | |
| Place of publication, distribution, etc. | London |
| Name of publisher, distributor, etc. | Published for Wireless Engineer by Iliffe |
| Date of publication, distribution, etc. | 1951 |
| 300 ## - PHYSICAL DESCRIPTION | |
| Extent | 192 p |
| Other physical details | illus |
| Dimensions | 23 cm |
| Accompanying material | Diagrams |
| 505 ## - FORMATTED CONTENTS NOTE | |
| Formatted contents note | Electromagnetic Theory and its Application to Waveguides (Page-9), Cylindrical Posts in Waveguides (Page-23), Diaphragms in Waveguides (Page-45), The Tuned Post and The Tuned Window (Page-76), Waveguide Steps T-Junctions and Tapers (Page-98), Radiation from Waveguides (Page-121), Propagation in Loaded and Corrugated Guides (Page-145). |
| 600 ## - SUBJECT ADDED ENTRY--PERSONAL NAME | |
| Personal name | Leon Lewin |
| 9 (RLIN) | 101740 |
| 650 ## - SUBJECT ADDED ENTRY--TOPICAL TERM | |
| Topical term or geographic name entry element | Telecommunication engineering |
| 942 ## - ADDED ENTRY ELEMENTS (KOHA) | |
| Source of classification or shelving scheme | |
| Koha item type | Book |
| Withdrawn status | Lost status | Source of classification or shelving scheme | Damaged status | Not for loan | Permanent Location | Current Location | Date acquired | Full call number | Barcode | Date last seen | Price effective from | Koha item type | Public note | Shelving location | Total Checkouts |
|---|---|---|---|---|---|---|---|---|---|---|---|---|---|---|---|
| Military College of Signals (MCS) | Military College of Signals (MCS) | 12/12/2016 | 621.381331 LEW | MCS6296 | 12/08/2016 | 12/12/2016 | Book | Almirah No.32, Shelf No.4 | |||||||
| Military College of Signals (MCS) | Military College of Signals (MCS) | 12/12/2016 | 621.381331,LEW | MCS6710 | 12/08/2016 | 12/12/2016 | Book | Almirah No.32, Shelf No.4 | General Stacks | ||||||
| Military College of Signals (MCS) | Military College of Signals (MCS) | 12/12/2016 | 621.381331,LEW | MCS6711 | 12/08/2016 | 12/12/2016 | Book | Almirah No.32, Shelf No.4 | General Stacks | ||||||
| Military College of Signals (MCS) | Military College of Signals (MCS) | 11/28/2022 | 621.381331,LEW | MCS20718 | 11/28/2022 | 11/28/2022 | Book | Almirah No.32, Shelf No.4 | General Stacks |
